| 000 | 00351nam a2200145Ia 4500 | ||
|---|---|---|---|
| 003 | OSt | ||
| 008 | 191201s2019 xx 000 0 und d | ||
| 082 |
_a621.4021 _bROE |
||
| 100 | _aROGER, Gordon | ||
| 245 | 0 | _aEngineering Thermodynamics Work and Heat Transfer | |
| 250 | _aimp 1st | ||
| 260 |
_bPearson _aNew Delhi |
||
| 300 | _a711 | ||
| 942 |
_2ddc _cBK |
||
| 999 |
_c8188 _d8188 |
||